Sozialrevolutionäre und Anarchisten: die andere Arbeiterbewegung vor Hainfeld

Gespeichert in:  
Bibliographische Detailangaben
1. VerfasserIn: Staudacher, Anna 1946- (Verfasst von)
Medienart: Druck Buch
Sprache:Deutsch
Veröffentlicht: Wien Verl. für Gesellschaftskritik 1988
In: Österreichische Texte zur Gesellschaftskritik (39)
Jahr: 1988
Online-Zugang: Inhaltsverzeichnis
Inhaltsverzeichnis
Verfügbarkeit prüfen: HBZ Gateway
Subito Bestelldienst: Jetzt bestellen.
Schlagwörter:

MARC

LEADER 00000cam a2200000 c 4500
001 117241911
003 DE-627
005 20260409080647.0
007 tu
008 921205s1988 au ||||| m 00| ||ger c
015 |a 88,N36,0491  |2 dnb 
015 |a 88,N36,0491  |2 dnb 
016 7 |a 880783249  |2 DE-101 
020 |a 3900351953  |9 3-900351-95-3 
035 |a (DE-627)117241911 
035 |a (DE-603)008584583 
035 |a (DE-576)016559754 
035 |a (DE-599)GBV117241911 
035 |a (OCoLC)844077630 
035 |a (OCoLC)310949778 
040 |a DE-627  |b ger  |c DE-627  |e rakwb 
041 |a ger 
044 |c XA-AT 
050 0 |a JN1999.R33 
082 0 |a 335/.009436/09034 
082 0 |a 335.00943609034  |q LoC  |2 DDC20oclc 
084 |a 63  |2 sdnb 
084 |a 3,6  |2 ssgn 
084 |a NW 8300  |2 rvk  |0 (DE-625)rvk/132314: 
084 |a MC 8150  |2 rvk  |0 (DE-625)rvk/122442: 
100 1 |a Staudacher, Anna  |d 1946-  |0 (DE-588)120636832  |0 (DE-627)080797369  |0 (DE-576)165077581  |4 aut 
109 |a Staudacher, Anna 1946-  |a Staudacher, Anna L. 1946- 
245 1 0 |a Sozialrevolutionäre und Anarchisten  |b die andere Arbeiterbewegung vor Hainfeld  |c Anna Staudacher 
264 1 |a Wien  |b Verl. für Gesellschaftskritik  |c 1988 
300 |a 377 S.  |b Ill.  |c 22 cm 
336 |a Text  |b txt  |2 rdacontent 
337 |a ohne Hilfsmittel zu benutzen  |b n  |2 rdamedia 
338 |a Band  |b nc  |2 rdacarrier 
490 1 |a Österreichische Texte zur Gesellschaftskritik  |v Bd. 39 
500 |a Revision of the author's thesis (doctoral), 1981 
500 |a Includes bibliographical references (p. 365-373) 
502 |a Zugl.: Diss., 1981 
505 8 |a Literaturverz. S. 365 - 373 
583 1 |a Archivierung/Langzeitarchivierung gewährleistet  |f SLG  |x XA-DE-BW  |z BfZ  |2 pdager  |5 DE-24 
583 1 |a Archivierung prüfen  |c 20240324  |f DE-4165  |z 1  |2 pdager 
583 1 |a Archivierung/Langzeitarchivierung gewährleistet  |c 20240722  |f NI-LastCopies  |x XA-DE-NI  |z Potenzieller Alleinbesitz Niedersachsen  |2 pdager  |5 DE-89 
653 0 |a Radikale Arbeiter-Partei Österreichs  |a History 
653 0 |a Socialism  |a Austria  |a History  |a 19th century 
653 0 |a Anarchism  |a Austria  |a History  |a 19th century 
655 7 |a Hochschulschrift  |0 (DE-588)4113937-9  |0 (DE-627)105825778  |0 (DE-576)209480580  |2 gnd-content 
689 0 0 |d b  |0 (DE-588)4252933-5  |0 (DE-627)104179554  |0 (DE-576)210527013  |a Radikale Arbeiter-Partei Österreichs  |2 gnd 
689 0 1 |a z  |2 gnd  |a Geschichte 
689 0 |5 DE-101 
830 0 |a Österreichische Texte zur Gesellschaftskritik  |v 39  |9 39  |w (DE-627)130373923  |w (DE-576)008125309  |w (DE-600)597562-1  |7 am 
856 4 2 |u https://swbplus.bsz-bw.de/bsz016559754inh.htm  |m B:DE-576;DE-352  |q application/pdf  |v 20180328112202  |x Verlag  |3 Inhaltsverzeichnis  |7 1 
856 4 2 |u http://scans.hebis.de/HEBCGI/show.pl?00858458_toc.pdf  |m V:DE-576;B:DE-352  |q application/pdf  |3 Inhaltsverzeichnis  |7 1 
889 |w (DE-627)11911626X 
935 |i Blocktest 
936 r v |a NW 8300  |b Arbeiter (einschl. Streiks)  |k Geschichte  |k Wirtschafts- und Sozialgeschichte  |k Spezielle Sozialgeschichte  |k Einzelne Stände und Gesellschaftsgruppen  |k Arbeiter (einschl. Streiks)  |0 (DE-627)1270708007  |0 (DE-625)rvk/132314:  |0 (DE-576)200708007 
936 r v |a MC 8150  |b Austromarxismus  |k Politologie  |k Geschichte der politischen Philosophie und der Ideologien  |k Marxismus  |k Austromarxismus  |0 (DE-627)1271425114  |0 (DE-625)rvk/122442:  |0 (DE-576)201425114 
936 s n |a n100  |2 mzub 
936 s n |a m100  |2 mzub 
936 s n |a q100  |2 mzub 
951 |a BO 
ELC |b 1 
LOK |0 000 xxxxxcx a22 zn 4500 
LOK |0 001 3304733388 
LOK |0 003 DE-627 
LOK |0 004 117241911 
LOK |0 005 20140508105232 
LOK |0 008 140508||||||||||||||||ger||||||| 
LOK |0 040   |a DE-21-110  |c DE-627  |d DE-21-110 
LOK |0 689   |a s  |a Sozialrevolution 
LOK |0 689   |a s  |a Anarchismus 
LOK |0 852   |z Kein Bestand am IfK; Nachweis für KrimDok 
LOK |0 852   |a DE-21-110 
LOK |0 852 1  |m v  |9 00 
LOK |0 935   |a k110 
LOK |0 938   |k v 
LOK |0 939   |a 2014-05-08  |b l01 
ORI |a WA-MARC-krimdoka001.raw